000 00990nam a22002537a 4500
005 20170124103131.0
010 _aB-136355
020 _c200.00
035 _aB-136355
037 _bCen Lib/Ret
040 _aDPL
_bHN
082 _a822
_bसुधीन्द्र
100 _aसुधीन्द्र कुमार
_984300
245 _aसूत्रधार /
_cसुधीन्द्र कुमार
246 _aSootradhaar /
_bby Sudhindra Kumar
260 _aदिल्ली
_bअंशु प्रकाशन
_c2005
270 _a5452, गली-6, न्यू चन्द्रावल
_bदिल्ली
_e110007
300 _a160पृ.
_c21सेमी (सजिल्द)
_b
650 _aसाहित्य--नाटक
_9147
650 _aहिन्दी नाटक
_984301
650 _aLiterature--Drama
_984302
650 _aHindi drama
_984303
942 _2ddc
_cHN
_h822
_mसुधीन्द्र
999 _c119311
_d119311